[Event "Kaluga Tsiolkovsky Memorial op"]
[Site "Kaluga"]
[Date "2014.08.08"]
[Round "7"]
[White "Gureev, Dmitry"]
[Black "Alkaev, Ruslan"]
[Result "1/2-1/2"]
[WhiteElo "2084"]
[BlackElo "2002"]
[PlyCount "59"]
[EventDate "2014.08.02"]
[EventType "swiss"]
[EventRounds "8"]
[EventCountry "RUS"]
[SourceTitle "EXT 2023"]
[Source "ChessBase"]
[SourceDate "2022.10.05"]
[SourceVersion "1"]
[SourceVersionDate "2022.10.05"]
[SourceQuality "1"]

1. Nf3 Nf6 2. c4 c5 3. Nc3 Nc6 4. d4 cxd4 5. Nxd4 g6 6. g3 Bg7 7. Bg2 0-0 8. 0-0 Nxd4 9. Qxd4 d6 10. Qd2 Be6 11. b3 d5 12. cxd5 Nxd5 13. Bxd5 Bxd5 14. Bb2 Be6 15. Qxd8 Rfxd8 16. Rfd1 Rxd1+ 17. Rxd1 Rc8 18. Rc1 b5 19. Kf1 Kf8 20. Ke1 Ke8 21. Nd1 Rxc1 22. Bxc1 Kd7 23. Kd2 Kc6 24. Bb2 f6 25. Kd3 Bf7 26. f4 e5 27. fxe5 fxe5 28. e4 Be6 29. Bc3 Kc5 30. Nb2 1/2-1/2

[Event "Voronezh op-B 17th"]
[Site "Voronezh"]
[Date "2013.06.12"]
[Round "1"]
[White "Denishev, Marat"]
[Black "Alkaev, Ruslan"]
[Result "0-1"]
[WhiteElo "2210"]
[BlackElo "1961"]
[PlyCount "72"]
[EventDate "2013.06.12"]
[EventType "swiss"]
[EventRounds "9"]
[EventCountry "RUS"]
[SourceTitle "EXT 2014"]
[Source "ChessBase"]
[SourceDate "2013.11.20"]
[SourceVersion "1"]
[SourceVersionDate "2013.11.20"]
[SourceQuality "1"]

1. d4 d5 2. c4 e6 3. Nf3 Nf6 4. g3 Be7 5. Bg2 0-0 6. 0-0 Nbd7 7. cxd5 exd5 8. Nc3 c6 9. Qc2 Bd6 10. Nd2 Re8 11. e4 dxe4 12. Ndxe4 Be7 13. Bf4 Nb6 14. Nxf6+ Bxf6 15. Rad1 Bg4 16. f3 Be6 17. Be5 Nc4 18. Qf2 Be7 19. Bf4 Qa5 20. Qc2 Rad8 21. Rfe1 Bf6 22. Be5 Bxe5 23. dxe5 Qb6+ 24. Kh1 Qxb2 25. Qxb2 Nxb2 26. Rb1 Nd3 27. Re3 b5 28. f4 b4 29. Na4 Bxa2 30. Ra1 Bd5 31. Kg1 Bxg2 32. Kxg2 c5 33. Kf3 c4 34. Ke2 Rd7 35. Re4 Rc8 36. Rd1 c3 0-1

[Event "Sochi Meetings op"]
[Site "Sochi"]
[Date "2012.07.25"]
[Round "3.3"]
[White "Gulamirian, Korun"]
[Black "Alkaev, Ruslan"]
[Result "0-1"]
[WhiteElo "2077"]
[BlackElo "1964"]
[PlyCount "72"]
[EventDate "2012.07.24"]
[EventType "swiss"]
[EventRounds "9"]
[EventCountry "RUS"]
[SourceTitle "EXT 2022"]
[Source "ChessBase"]
[SourceDate "2021.10.06"]
[SourceVersion "1"]
[SourceVersionDate "2021.10.06"]
[SourceQuality "1"]

1. e4 e5 2. f4 exf4 3. Nf3 g5 4. Bc4 Bg7 5. 0-0 h6 6. d4 d6 7. c3 Ne7 8. Qb3 0-0 9. Nbd2 Nbc6 10. Bd3 Kh8 11. Nc4 Ng6 12. h3 Rb8 13. a4 Nce7 14. Bd2 f5 15. Na3 fxe4 16. Bxe4 Bf5 17. Rae1 d5 18. Bc2 Qd7 19. Bxf5 Nxf5 20. Nh2 Ng3 21. Rf3 Nh4 22. Rd3 Ne4 23. Qd1 c5 24. b3 cxd4 25. cxd4 Qd6 26. Nc2 Rfc8 27. Nf3 Nf5 28. Ne5 Bxe5 29. dxe5 Qc5+ 30. Kh2 Qxc2 31. Rxd5 Qxd1 32. Rxd1 Re8 33. e6 Ng7 34. Bb4 Nxe6 35. Re1 Ng7 36. Rd4 Ng3 0-1